Statistics for Greatest Person Per Country

Click here to take the quiz!

General Stats

  • This quiz has been taken 29 times
  • The average score is 4 of 16

Answer Stats

CountryAnswer% Correct
South AfricaNelson Mandela
81%
ItalyLeonardo da Vinci
81%
FranceCharles de Gaulle
63%
GreeceAlexander the Great
33%
GermanyKonrad Adenauer
22%
United StatesRonald Reagan
22%
CroatiaJosip Broz Tito
15%
ChileSalvador Allende
15%
RussiaAlexander Nevsky
7%
SpainJuan Carlos I
7%
PortugalAntonio de Oliveira Salazar
7%
New ZealandErnest Rutherford
7%
JapanOda Nobunaga
4%
BulgariaVasil Levski
4%
AustraliaHoward Walter Florey
0%
IndiaB. R. Ambedkar
0%

Score Distribution

Percentile by Number Answered

Percent of People with Each Score

Your Score History

You have not taken this quiz